Top 15 des pays avec les décès de Covid-19 - 15 septembre - Statistiques

Statistiques générales
  • Ce quiz a été pris 36 fois
  • Le résultat moyen est 11 sur 20
Statistiques - réponses
pays % Correct
France
100%
Etats-Unis
91%
Brésil
78%
Russie
78%
Espagne
75%
Mexique
69%
Royaume-Uni
69%
Italie
66%
Inde
63%
Belgique
59%
Argentine
53%
Colombie
50%
Pérou
41%
Chili
38%
Équateur
38%
Iran
31%
Suède
31%
Bolivie
28%
Afrique du Sud
25%
Panama
19%
Aucun quiz correspondant
Distribution des résultats
% des personnes avec chaque résultat
Percentile par nombre de réponses
Votre historique - résultats
Vous n’avez pas pris ce quiz